01327nam a2200361Ic 450000100060000000300100000600500170001600700030003300800410003602000180007704000350009504100080013008200170013810000250015524501070018025000410028726400430032830000530037133600270042433700330045133800280048449000280051250000550054052100380059565000570063365000310069065000260072165000340074770000230078194200120080499900170081695201320083360835CO-BoRNBP20260320211625.0ta180815s2013 sp a g 000 0 spa  a9788449326493 aCO-BoRNBPbspaerdacCO-BoRNBP aspa04a808.02bC17d17aCassany, Danieleaut10aDescribir el escribir :bcómo se aprende a escribir /cDaniel Cassany ; traducción de Pepa Comas. aPrimera ediciónbsegunda impresion 1aBarcelona, España :bPaidós,c2013 a232 páginas :bilustraciones en blanco y negro atextobtxt2rdacontent asin mediaciónbn2rdamedia avolumenbnc2rdacarrier0 aPaidós comunicación aIncluye datos biográficos del autor en la solapa aRecomendado para público adulto17aCreación literaria, artística, etc.2rnbp94394917aPreceptiva literaria2rnbp07aRetorica2lemb91884217aArte de Escribir2rnbp92289910aComas, Pepa969540 2ddccBK c60835d60835 00102ddc40708GENaMEMAPJGAbMEMAPJGAcGENd2026-03-20l0o808.02 C17dpMPJG01147r2026-03-20 21:16:48tEj.1w2026-03-20yBK